Lithuania, the first former Soviet state to join IMF, adopts stand-by arrangement.

V októbri 1992 MMF schválil 11-mesačný program pomoci Litve na podporu jej reforiem. Rozbor súčasného hospodárskeho vývoja, opatrenia Litvy v rámci programu pomoci, krátkodobý výhľad hospodárstva a hlavné úlohy. Hlavné hospodárske ukazovatele za obdobie 1991-1993.

Salvato in:
Dettagli Bibliografici
Natura: Capitolo di libro
Lingua:inglese
Soggetti:
Tags: Aggiungi Tag
Nessun Tag, puoi essere il primo ad aggiungerne!!

MARC

LEADER 00000naa a2200000 4500
001 r012668
005 20220826094745.2
041 0 |a eng 
044 |a [SU] 
245 1 0 |a Lithuania, the first former Soviet state to join IMF, adopts stand-by arrangement. 
520 |a V októbri 1992 MMF schválil 11-mesačný program pomoci Litve na podporu jej reforiem. Rozbor súčasného hospodárskeho vývoja, opatrenia Litvy v rámci programu pomoci, krátkodobý výhľad hospodárstva a hlavné úlohy. Hlavné hospodárske ukazovatele za obdobie 1991-1993. 
610 2 0 |a reformy hospodárske 
610 2 0 |a Litva 
610 2 0 |a pomoc rozvojová 
610 2 0 |a Medzinárodný menový fond 
610 2 0 |a situácia hospodárska 
610 2 0 |a 1991-1993